Spirit versus Matter: Blanche´s struggle for her ideal in Tennessee Williams´ "Street car named desire"

Salvato in:
Dettagli Bibliografici
Autore principale: Brenes Cortes, Nuria María
Natura: Libro
Lingua:Undetermined
Pubblicazione: San José, Costa Rica Escuela de Lenguas Modernas, Universidad de Costa Rica 1981
Soggetti:
Tags: Aggiungi Tag
Nessun Tag, puoi essere il primo ad aggiungerne!!

MARC

LEADER 00000nam a2200000Ia 4500
008 170316s9999 xx 000 0 und d
040 |a cru BVZT 
090 |a TESIS 336 
100 |a Brenes Cortes, Nuria María 
245 |a Spirit versus Matter: Blanche´s struggle for her ideal in Tennessee Williams´ "Street car named desire" 
260 |a San José, Costa Rica 
260 |b Escuela de Lenguas Modernas, Universidad de Costa Rica 
260 |c 1981 
300 |a 107 páginas 
650 |a LICENCIATURA EN LITERATURA INGLESA 
650 |a TRABAJO FINAL DE GRADUACIÓN 
999 |c 13962  |d 13962 
942 |c TFG  |h TESIS 336  |2 z